000 00504nam a2200181Ia 4500
003 GCL
008 140319s9999 xx 000 0 eng d
040 _aGCL /
_cGCL
082 0 4 _a618.92
_bH C
100 1 _aHATHAWAY, WILLIAM E.
245 1 0 _aCURRENT PEDIATRIC DIAGONSIS &?TREATMENT /
_cHATHAWAY, WILLIAM E.
700 1 _aHAY, WILLIAM W.
700 1 _aGROOTHUIS, JESSIE R.
700 1 _aPAISLEY, JOHN W.
260 _a[S.N] :
_bAPPLETON & LANGE ،
_c1993
650 0 4 _aPEDIATRICS
942 _2ddc
_cBK
999 _c21473
_d21473